00452nam a22001217a 450000500170000002000250001703700080004224500930005026000310014327000980017430000320027270000260030420120102104743.0 a9788128629938c60.00 bPUB aRipley's believe it or not!:cby Sheri Bell Rehwoldt...(et al) bexraordinary animals / aMumbai bEuro Books c2011 aDani Corporat e Park, First Floor, 158, Vidyanagari Marg, Kalina, SantacruzbMumbaie400098 aunpages bill.c21cm(pbk)  aBell-Rehwoldt, Sheri